| 000 | 00719nam a22002057a 4500 | ||
|---|---|---|---|
| 003 | OSt | ||
| 005 | 20231101175310.0 | ||
| 008 | 221006b |||||||| |||| 00| 0 eng d | ||
| 040 | _cBiblioteca Lado V | ||
| 082 |
_a708 _bI59a |
||
| 110 |
_91200 _aInstituto Nacional de Bellas Artes |
||
| 245 | _aAntología Gráfica Carlos Garcia Estrada/ | ||
| 260 |
_c1988 _aMexico _bGalería José María Velasco |
||
| 300 |
_c19.5 x 23 cm _a2p. |
||
| 650 |
_2Tesauro de Arte & Arquitectura _aARTE |
||
| 650 |
_2Tesauro de Arte & Arquitectura _aPINTURA _9703 |
||
| 650 |
_2Tesauro de Arte & Arquitectura _aANTOLOGÍA |
||
| 650 |
_2Tesauro de Arte & Arquitectura _aBOLANTE _9703 |
||
| 942 |
_2ddc _c1 _h708 _iI59a _n0 |
||
| 999 |
_c4548 _d4548 |
||